000 00205nam a2200097Ia 4500
008 190216s9999||||xx |||||||||||||| ||und||
100 _aJain.S.K
245 0 _aChemical Reaction
260 _bNull
942 _cBK
999 _c2091
_d2091